Progress in Physical Organic Chemistry Vol. 8

Gespeichert in:
Bibliographische Detailangaben
Weitere Verfasser: Streitwieser, Andrew, Taft, Robert W.
Format: Buch
Sprache:Englisch
Veröffentlicht: New York Interscience/J.Wiley 1971
Ausgabe:1. ed.
Schlagworte:
Online-Zugang:Im OPAC anzeigen
Tags: Tag hinzufügen
Keine Tags, Fügen Sie das erste Tag hinzu!

MARC

LEADER 00000nam a2200000 a 4500
005 20260127134252.0
008 090506 1971 xxu 000 0 eng d
035 |a vtls009505717 
039 9 |y 200905061109  |z mschk03 
040 |a STUSCHK1  |b slo  |c STUSCHK1  |e AACR2 
080 |a 547:541.1(082) 
080 |a 541.1:547(082) 
245 1 |a Progress in Physical Organic Chemistry  |n Vol. 8  |c eds. Andrew Streitwieser, Robert W. Taft 
250 |a 1. ed. 
260 |a New York  |b Interscience/J.Wiley  |c 1971 
300 |a 359 s.  |b il.  |c 23,5 cm 
650 0 |a fzyikálna chémia 
650 0 |a organická chémia 
650 0 |a sborníky 
700 1 |a Streitwieser, Andrew 
700 1 |a Taft, Robert W. 
910 |a SCHK95 
999 |c 8331  |d 8331